Elevated Europe Quiz Stats

 Plays Quiz Updated Aug 29, 2017

Score 0/20 Timer 08:00
0 Plays Today
% Correct
Italy (Monte Bianco)
97.6%
France (Mont Blanc)
97.4%
Switzerland (Monte Rosa)
95.4%
Austria (Grossglockner)
95%
Germany (Zugspitze)
93.6%
Russia (Mount Elbrus)
89.5%
Spain (Teide)
86.1%
Turkey (Mount Ararat)
81%
Slovenia (Triglav)
69.9%
Romania (Moldoveanu Peak)
68.9%
% Correct
Greece (Mount Olympus)
63.1%
Bulgaria (Musala)
59.7%
Slovakia (Gerlachovský štít)
51.1%
Liechtenstein (Vorder Grauspitz)
43.5%
Macedonia (Mount Korab)
38.3%
Andorra (Coma Pedrosa)
36.4%
Albania (Mount Korab)
35%
Denmark (Gunnbjørn Fjeld)
25.8%
Montenegro (Zla Kolata)
25.1%
Kosovo (Rudoka e madhe)
23%

You're not logged in!

Compare scores with friends on all Sporcle quizzes.
Join for Free
OR
Log In

You Might Also Like...

Show Comments

Extras

Top Quizzes Today


Score Distribution

Your Account Isn't Verified!

In order to create a playlist on Sporcle, you need to verify the email address you used during registration. Go to your Sporcle Settings to finish the process.

Report this User

Report this user for behavior that violates our Community Guidelines.

Details: